'C' Cartoon Characters by Picture Quiz Stats

 Plays Quiz Updated Nov 8, 2015

Support Sporcle.
Go Orange.
Score 0/20 Timer 06:00
0 Plays Today
character % Correct
Cinderella
98.1%
Casper the Friendly Ghost
97.9%
Captain America
95.6%
Charlie Brown
95.1%
Chip
88.9%
Cruella de Vil
88.8%
Clifford the Big Red Dog
87.8%
Chicken Little
83.2%
Cat
77.2%
Christopher Robin
74.7%
character % Correct
Cheshire Cat
74.5%
Calvin
61.9%
Courage the Cowardly Dog
53.4%
Carl Fredericksen
52.5%
Charizard
50.9%
Cogsworth
47.5%
Cosmo
46.8%
Cyborg
42.8%
Chowder
28.3%
Coco
20%

From the Vault

Anything but the Philippines

by SporcleEXP

There are over 7,000 islands in the Philippines, but it still shouldn't be that hard to avoid them all.
Remove Ads.
Support Sporcle.
Get the best of Sporcle when you Go Orange. This ad-free experience offers more features, more stats, and more fun while also helping to support Sporcle. Thank you for becoming a member.

Show Comments

Extras

Top Quizzes Today


Score Distribution

Your Account Isn't Verified!

In order to create a playlist on Sporcle, you need to verify the email address you used during registration. Go to your Sporcle Settings to finish the process.

Report this User

Report this user for behavior that violates our Community Guidelines.

Details: